| 000 | 00380nam a2200169 4500 | ||
|---|---|---|---|
| 001 | 42341 | ||
| 090 | _a42341 | ||
| 100 | _a20231121 pory50 | ||
| 101 | _apor | ||
| 102 | _aPT | ||
| 200 |
_aA Escrita _ematerial de apoio |
||
| 210 |
_aLisboa _cMinistério da Educação , DES |
||
| 215 | _a34 p. | ||
| 225 | _aProjecto falar | ||
| 675 | _a81-26 | ||
| 801 |
_aPT _gRPC |
||
| 990 | _cLIVROS | ||